|
|
|
|
| LEADER |
00000aam a2200000 i 4500 |
| 001 |
115557 |
| 003 |
CZ ZlUTB |
| 005 |
20260429090316.0 |
| 007 |
ta |
| 008 |
250925s2025 xr a e f 000 0 cze |
| 015 |
|
|
|a cnb003695363
|
| 020 |
|
|
|a 978-80-262-2217-0
|q (brožováno)
|
| 040 |
|
|
|a ABA001
|b cze
|d OLA001
|d ZLD002
|e rda
|
| 041 |
1 |
|
|a cze
|h eng
|
| 072 |
|
7 |
|a 615.8
|x Fyzioterapie. Psychoterapie. Alternativní lékařství
|2 Konspekt
|9 14
|
| 080 |
|
|
|a 615.851
|2 MRF
|
| 080 |
|
|
|a 364-785.62
|2 MRF
|
| 080 |
|
|
|a 159.923.35:364.622
|2 MRF
|
| 080 |
|
|
|a 159.952.4+159.923.2
|2 MRF
|
| 080 |
|
|
|a 159.942
|2 MRF
|
| 080 |
|
|
|a (035)
|2 MRF
|
| 080 |
|
|
|a (076.1)
|2 MRF
|
| 100 |
1 |
|
|a Linehan, Marsha,
|d 1943-
|7 mub2015878846
|4 aut
|
| 240 |
1 |
0 |
|a DBT skills training handouts and worksheets.
|l Česky
|
| 245 |
1 |
0 |
|a Manuál DBT :
|b pracovní listy a terapeutické strategie /
|c Marsha M. Linehan ; z amerického originálu DBT skills training handouts and worksheets ... přeložila Hana Antonínová
|
| 250 |
|
|
|a Vydání první
|
| 264 |
|
1 |
|a Praha :
|b Portál,
|c 2025
|
| 300 |
|
|
|a 422 stran :
|b ilustrace ;
|c 30 cm
|
| 336 |
|
|
|a text
|b txt
|2 rdacontent
|
| 337 |
|
|
|a bez média
|b n
|2 rdamedia
|
| 338 |
|
|
|a svazek
|b nc
|2 rdacarrier
|
| 504 |
|
|
|a Obsahuje bibliografické odkazy
|
| 650 |
0 |
7 |
|a psychoterapie
|7 ph115954
|2 czenas
|
| 650 |
0 |
7 |
|a dialekticko-behaviorální terapie
|7 ph975325
|2 czenas
|
| 650 |
0 |
7 |
|a psychická krize
|7 ph124782
|2 czenas
|
| 650 |
0 |
7 |
|a všímavost
|7 ph917178
|2 czenas
|
| 650 |
0 |
7 |
|a emoce
|7 ph114465
|2 czenas
|
| 650 |
0 |
9 |
|a psychotherapy
|2 eczenas
|
| 650 |
0 |
9 |
|a dialectical behavioral therapy
|2 eczenas
|
| 650 |
0 |
9 |
|a psychic crisis
|2 eczenas
|
| 650 |
0 |
9 |
|a mindfulness
|2 eczenas
|
| 650 |
0 |
9 |
|a emotions
|2 eczenas
|
| 655 |
|
7 |
|a příručky
|7 fd133209
|2 czenas
|
| 655 |
|
7 |
|a pracovní listy
|7 fd250497
|2 czenas
|
| 655 |
|
9 |
|a handbooks and manuals
|2 eczenas
|
| 655 |
|
9 |
|a activity pages
|2 eczenas
|
| 700 |
1 |
|
|a Antonínová, Hana,
|d 1959-
|7 jn20001005163
|4 trl
|
| 710 |
2 |
|
|a Portál (nakladatelství)
|7 ko2003199531
|4 pbl
|
| 910 |
|
|
|a ZLD002
|
| 942 |
|
|
|2 udc
|
| 952 |
|
|
|0 0
|1 0
|4 0
|6 6158LINEHANM
|7 -1
|8 BOOK
|9 190917
|a UTBZL
|b UTBZL
|c 005
|d 2026-04-29
|l 0
|o 615.8/LINEHAN,M.
|p 420010202052
|r 2026-04-29 09:04:18
|v 699.00
|w 2026-04-29
|x N:nákup
|y 01
|
| 992 |
|
|
|a BK
|b SKNEW
|
| 999 |
|
|
|c 115557
|d 115557
|